| 000 | 00892nam a22002531 4500 | ||
|---|---|---|---|
| 001 | 105503 | ||
| 003 | ES-MaACL | ||
| 005 | 20250624062525.0 | ||
| 007 | t| | ||
| 008 | 060720s1952 mx ||||0| spa d | ||
| 016 | 7 | _zIND2000908713 | |
| 040 |
_aM-BN _bspa _cCDM |
||
| 080 | _a821.134.2-4"18" | ||
| 100 | 1 |
_aValle-Inclán, Ramón del, _d1866-1936 _9112796 |
|
| 245 | 1 | 0 |
_aPublicaciones periodísticas de don Ramón del Valle-Inclán, anteriores a 1895 / _cedición, estudio preliminar y notas de William L. Fichter ; presentación de Alfonso Reyes. |
| 250 | _a1ª ed. | ||
| 260 |
_a[México] : _bEl Colegio de México : _b[Galatea], _c1952. |
||
| 300 |
_a222 p., 1 h ; _c21 cm. |
||
| 500 | _aBiblioteca Juan Andrade. | ||
| 700 | 1 |
_aFichter, William L. _950680 |
|
| 700 | 1 |
_aReyes, Alfonso, _d1889-1959 _996554 |
|
| 852 |
_aES-MaACL _jAND-315 _bR.109620 |
||
| 999 |
_c105503 _d105503 |
||